000 01137nam a2200277 i 4500
001 124308
003 ES-MaACL
005 20250808062728.0
007 t|
008 070528s2006 sp ||||1| spa d
020 _a84-7914-202-2
080 _a236.1(035.3)"14"
100 1 _aVincent de Beauvais.
_9115313
245 1 0 _aEpístola consolatoria por la muerte de un amigo /
_cVicente de Beauvais ; edición bilingüe preparada por Javier Vergara Ciordia y Francisco Calero Calero.
260 _aMadrid :
_bUniversidad Nacional de Educación a Distancia :
_bBiblioteca de Autores Cristianos,
_c2006.
300 _aCVI, 289 p. ;
_c20 cm.
490 1 _aScriptorum mediaevalium et renascentium ;
_v1
490 1 _aBiblioteca de autores cristianos ;
_v664
650 4 _aMuerte-
_xAspectos religiosos-
_vObras anteriores a 1800.
_915244
700 1 _aVergara Ciordia, Javier.
_9114085
700 1 _aCalero Calero, Francisco.
_933656
830 0 _aScriptorum mediaevalium et renascentium ;
_v1
_9219004
830 0 0 _aBiblioteca de autores cristianos
_v664
_9178679
852 _aES-MaACL
_jJ-651
_bR.142159
999 _c124308
_d124308